| 000 | 00762cam a22002294a 4500 | ||
|---|---|---|---|
| 020 | _a9781844073474 (hardback : alk. paper) | ||
| 020 | _a1844073475 (hardback : alk. paper) | ||
| 040 | _cDLC | ||
| 082 | 0 | 0 | _a333 RAS 2007 C165 Or. |
| 245 | 0 | 0 |
_aForests, people and power : _bthe political ecology of reform in South Asia / |
| 246 | 1 | 4 | _aForests, people & power |
| 260 |
_aLondon ; _aSterling, VA : _bEarthscan, _c2007. |
||
| 300 |
_axxii, 394 p. : _bill., maps ; _c25 cm. |
||
| 650 | 0 | _aForest policy | |
| 650 | 0 | _aForest policy | |
| 650 | 0 | _aForest management | |
| 650 | 0 | _aForest management | |
| 700 | 1 | _aSpringate-Baginski, Oliver. | |
| 700 | 1 | _aBlaikie, Piers M. | |
| 856 | 4 | 1 | _uhttp://www.loc.gov/catdir/toc/ecip076/2006039460.html |
| 942 | _cAEDBB | ||
| 999 |
_c19326 _d19326 |
||